Meche y el regalo
Guardado en:
| Autores principales: | , |
|---|---|
| Formato: | Libro |
| Lenguaje: | español |
| Publicado: |
Santiago
LOM
2009
|
| Edición: | 1a. ed |
| Materias: | |
| Etiquetas: |
Agregar Etiqueta
Sin Etiquetas, Sea el primero en etiquetar este registro!
|
MARC
| LEADER | 00000nam a2200000 a 4500 | ||
|---|---|---|---|
| 001 | UCH8973 | ||
| 003 | CL-VaPUC | ||
| 008 | 091217e20090000CL |||||||||||||||||spa|d | ||
| 020 | |a 9789560000996 | ||
| 082 | 0 | 4 | |a 9 |b FAU |2 21 |
| 100 | 0 | |a Fauerby, Lene |e author |9 545763 | |
| 700 | 0 | |a Bak, Mette-Kirstine |e author |9 545764 | |
| 245 | 1 | 0 | |a Meche y el regalo |
| 250 | |a 1a. ed | ||
| 300 | |a pág. irreg | ||
| 942 | |c BK | ||
| 945 | |d 20091217 00:00:00 |a cmena | ||
| 260 | |a Santiago |b LOM |c 2009 | ||
| 650 | 0 | |a Cuentos infantiles |9 308044 | |
| 650 | 0 | |a Literatura infantil |9 307465 | |
| 650 | 7 | |a CUENTOS DANESES |2 CL-VaPUC |9 308912 | |
| 583 | |a last modification |c 20091217 00:00:00 |k Rodrigo Vera | ||
| 999 | |c 339052 |d 339050 | ||
| 952 | |0 0 |1 0 |4 0 |6 9_000000000000000_FAU_2009 |7 0 |8 C |9 432432 |a BIBCUR |b BIBCUR |d 2019-11-22 |i 4624092 |l 1 |o 9 FAU 2009 |p 4624092 |r 2025-04-22 |s 2023-11-16 |w 2019-11-22 |y BK |k INF | ||